Responses for Show #4668 - Wednesday, December 15, 2004

Contestants

[<< previous game]

Maureen McKay, a systems engineer from Potomac Falls, Virginia

Ethan de Seife, a graduate student from Madison, Wisconsin

Joel Kahn, a physician from Irvine, California (whose 1-day cash winnings total $19,000)

[next game >>]

Jeopardy! Round responses

EUROPE
HERE BE MONSTERS
VICE PRESIDENTIAL NICKNAMES
WE MEAN BUSINESS
THE "RED", "WHITE" & "BLUE"
SALUTE THE FLAG
    $200 13
Poland

Joel
    $200 8
The Lord of the Rings

Maureen
    $200 1
Theodore Roosevelt

Maureen
    $200 3
Wall Street

Maureen
    $200 21
the White House

Joel
    $200 26
the Virgin Islands

Maureen
    $400 14
Franco

Ethan
    $400 9
Godzilla

Ethan
    $400 2
Hubert Humphrey

Ethan
    $400 4
a headhunter

Joel
    $400 22
"Little Red Riding Hood"

Ethan
    $400 27
Tanzania

Ethan
    $600 15
Nice

Maureen
    $600 10
Freddy Krueger

Maureen
    $600 5
Spiro Agnew

Joel
    $600 16
(Ethan: Who is Broadstreet?)

Bradstreet

EthanMaureen
    $600 23
"Blue Suede Shoes"

Maureen
    $600 28
Columbus

Joel
    $800 19
Liechtenstein

Joel
    $800 11
Billy Crystal

Ethan
    $800 6
Nelson Rockefeller

Joel
    $800 18
Purina

Joel
    $800 24
Blue Nun

Joel
    $800 29
Liberia

Ethan
    $1000 20
(Joel: What is Essen?)

Hamburg

Joel
Triple Stumper
    $1000 12
(Ethan: Who is the werewolf?)

the Wolf Man

JoelEthan
    $1000 7
(Ethan: Who was Seward?)

Aaron Burr

Ethan
Triple Stumper
    $1000 17
(J.M.) Meyers

Joel
    $1000 25
Peregrine White

Triple Stumper
    $1,000 30
(Ethan: [No response])

the Falklands

Ethan

Scores at the first commercial break (after clue 15):

Joel Ethan Maureen
$3,000 $0 $1,800

Scores at the end of the Jeopardy! Round:

Joel Ethan Maureen
$6,200 $0 $3,200

Double Jeopardy! Round responses

GERMAN LITERATURE
BROADWAY
PEOPLE IN THEIR ELEMENT
BE A "NO" IT ALL
THROWING A GOOD BOOK AT YOU
A SALUTE TO FLAGSTAFF
    $400 23
the tin drum

Triple Stumper
    $400 7
The Phantom of the Opera

Joel
    $400 6
Curie

Maureen
    $400 1
a nomad

Ethan
    $400 16
Aaron

Joel
    $400 17
the U.S. Centennial

Maureen
    $800 24
committing suicide

Maureen
    $800 8
Avenue Q

Joel
    $800 12
(Joel: Who is Mendelev? [*]?)

Mendeleev

Joel
    $800 2
a no-brainer

Maureen
    $800 18
Ham

Joel
    $800 19
the Grand Canyon

Ethan
    $1200 25
the ship of fools

Triple Stumper
    $1200 9
Wicked

Joel
    $1200 13
[ERRATUM: Ulm was located in the German Kingdom of Württemberg in 1879 and had not been part of Bavaria since 1810.]

(Albert) Einstein

Joel
    $1200 3
noses

Ethan
    $1200 28
Rachel

Triple Stumper
    $1200 20
Route 66

Ethan
    $2,000 26
(Maureen: I don't know.)

Marat/Sade

Maureen
    $1600 10
(Joel: Who is Taymar?)

Julie Taymor

Joel
Triple Stumper
    $1600 14
64

Joel
    $1600 4
Don Novello

Ethan
    $200 29
(Joel: Who is Daniel?)
[The end-of-round signal sounds.]

Job

Joel
    $1600 21
camels

Triple Stumper
    $2000 27
(Hermann) Hesse

Joel
    $2000 11
Max Bialystock

Joel
    $2000 15
(Alfred) Nobel

Ethan
    $2000 5
Nokomis

Triple Stumper
    $2000 22
Lowell Observatory

Triple Stumper

Scores at the end of the Double Jeopardy! Round:

Joel Ethan Maureen
$15,600 $7,200 $3,600
(lock game)

[wagering suggestions for these scores]

Final Jeopardy! Round responses

HISTORIC MESSAGES
(Alex: [*], after the sinking of PT-109, carved that message in a coconut. Now if I were carving that, it would have to be a big coconut, 'cause I write big, I carve big.)
MaureenWho is ?
$3,000
EthanWho was MacArthur?
$7,198
JoelWho was Churchill?
$400
John Fitzgerald Kennedy

Final scores:

Joel Ethan Maureen
$15,200 $2 $600
2-day champion: $34,200 3rd place: $1,000 2nd place: $2,000

Game dynamics:

Coryat scores:

Joel Ethan Maureen
$15,800 $8,200 $5,600
21 R,
3 W
(including 1 DD)
13 R,
4 W
(including 1 DD)
12 R,
1 W
(including 1 DD)

Combined Coryat: $29,600

[game clues] [game scores] [suggest correction]

Game tape date: 2004-09-13
The J! Archive is created by fans, for fans. Scraping, republication, monetization, and malicious use prohibited; this site may use cookies and collect identifying information. See terms. The Jeopardy! game show and all elements thereof, including but not limited to copyright and trademark thereto, are the property of Jeopardy Productions, Inc. and are protected under law. This website is not affiliated with, sponsored by, or operated by Jeopardy Productions, Inc. Join the discussion at JBoard.tv.